=LDR 00000nam 2200000 4500 =001 INLIS000000000057674 =005 20210329080401 =035 ##$$a 0010-0321000105 =007 ta =008 210329###########################0#ind## =020 ##$$a 978-623-90240-0-0 =082 ##$$a 371.1 =084 ##$$a 371.1 Men m =245 1#$$a Menanam Benih di Ladang Tandus : $b Potret Sistem Produksi Guru Agama Islam di Indonesia =250 ##$$a Cet.1 =300 ##$$a x, 254 halaman : $b Ilustrasi ; $c 24 cm =650 #4$$a Guru =700 #$$a Editor, Saptoni =264 ##$$a Yogyakarta :$b CIS Form,$c 2019 =336 ##$$a teks$2 rdacontent =337 ##$$a lain-lain$2 rdamedia =338 ##$$a lain-lain$2 rdacarrier =990 ##$$a 01940194